Los principios generales del derecho: repertorio de reglas, máximas y aforismos jurídicos con la jurisprudencia del Tribunal Supremo de Justicia
Đã lưu trong:
| Tác giả chính: | |
|---|---|
| Định dạng: | Sách |
| Ngôn ngữ: | Tiếng Tây Ban Nha |
| Được phát hành: |
Barcelona
Bosch
1957
|
| Những chủ đề: | |
| Các nhãn: |
Thêm thẻ
Không có thẻ, Là người đầu tiên thẻ bản ghi này!
|
MARC
| LEADER | 00000nam a2200000 a 4500 | ||
|---|---|---|---|
| 001 | UCV1169 | ||
| 003 | CL-VaPUC | ||
| 008 | 891115e19570000SP |||||||||||||||||spa|d | ||
| 082 | 0 | 4 | |a 340.11 |b MAN |2 21 |
| 100 | |a Mans Puigarnau, Jaime M. |e autor |9 520275 | ||
| 245 | 1 | 4 | |a Los principios generales del derecho: repertorio de reglas, máximas y aforismos jurídicos con la jurisprudencia del Tribunal Supremo de Justicia |
| 300 | |a 523 p | ||
| 942 | |c BK | ||
| 945 | |d 19891115 00:00:00 | ||
| 260 | |a Barcelona |b Bosch |c 1957 | ||
| 650 | 0 | |a Máximas legales |9 256007 | |
| 651 | 0 | |a España |9 254926 | |
| 583 | |a last modification |c 20150714 03:43:53 |k Rodrigo Vera | ||
| 999 | |c 209205 |d 209203 | ||
| 952 | |0 0 |1 0 |4 0 |6 340_110000000000000_MAN_1957 |7 0 |8 A |9 184511 |a BIBDER |b BIBDER |d 2019-11-14 |i 4133781 |l 1 |m 2 |o 340.11 MAN 1957 |p 4133781 |q 2025-12-31 |r 2020-03-18 |s 2020-03-18 |w 2019-11-14 |y BK |k DER | ||